| 000 | 00381nam a2200157Ia 4500 | ||
|---|---|---|---|
| 008 | 210716s1996 xx 000 0 und d | ||
| 020 | _a1887208011 | ||
| 041 | _aeng | ||
| 082 | _a332.3 KORD | ||
| 100 | _aKorten, David C. | ||
| 245 | _aWhen corporations rule the world. | ||
| 250 | _a1 | ||
| 260 |
_aCalifornia _bBerrett-Koehler _c1996 |
||
| 300 | _ax,374 | ||
| 650 | _aFinance | ||
| 999 |
_c198434 _d198434 |
||